000
00260nam a2200109Ia 4500
008
240625s9999 xx 000 0 und d
041
_a
eng
082
_a
658.4 ZIM
100
_a
HANNA MARK D
245
_a
INTEGRATED OPERATIONS MANAGEMENT ADDING
260
_c
2002
999
_c
33030
_d
33030